[Event "AUTO-OPEN-3115"]
[Site "http://www.queenalice.com/game.php?id=1229889"]
[Date "2013.11.4"]
[Round "1"]
[White "goldenboy"]
[Black "tigre89"]
[Result "1-0"]
[WhiteElo "2071"]
[BlackElo "1403"]

1. e4 e5 2. f4 d6 3. Nf3 Nf6 4. Nc3 c6 5. fxe5 dxe5 6. Nxe5 Qc7 7. d4 Bb4 8. Bd3
O-O 9. Bf4 Bg4 10. Nxg4 Qxf4 11. Rf1 Qg5 12. Nxf6+ Kh8 13. Ng4 Nd7 14. Rf5 Qh4+
15. g3 Qh3 16. Qf3 Rae8 17. O-O-O b5 18. Rxf7 Qh5 19. Rxf8+ Rxf8 20. Qe2 Nf6 21.
Nxf6 Rxf6 22. Qxh5 Rf2 23. e5 a6 24. Qxh7# 1-0

[Event "AUTO-OPEN-3115"]
[Site "http://www.queenalice.com/game.php?id=1229890"]
[Date "2013.11.4"]
[Round "1"]
[White "tigre89"]
[Black "goldenboy"]
[Result "0-1"]
[WhiteElo "1417"]
[BlackElo "2093"]

1. e4 e5 2. c3 d5 3. Nf3 Bg4 4. Be2 Nc6 5. O-O dxe4 6. Nxe5 Bxe2 7. Qxe2 Qd5 8.
Qh5 Nxe5 9. d4 Nf3+ 10. Qxf3 exf3 11. gxf3 Qxf3 12. Nd2 Qg4+ 13. Kh1 Bd6 14. Rg1
Qh3 15. Nf1 Nf6 16. Bg5 Ng4 17. Re1+ Kd7 18. Re7+ Bxe7 19. Bf4 Nxf2# 0-1

[Event "AUTO-OPEN-3115"]
[Site "http://www.queenalice.com/game.php?id=1229911"]
[Date "2013.11.4"]
[Round "1"]
[White "Artking"]
[Black "tigre89"]
[Result "1-0"]
[WhiteElo "2012"]
[BlackElo "1413"]

1. g4 c5 2. Bg2 d6 3. g5 g6 4. c4 e5 5. h4 Bg4 6. Nc3 Nc6 7. Qa4 Bd7 8. Qb3 Na5
9. Qc2 Ne7 10. b3 Nf5 11. Nd5 Nd4 12. Qc3 b6 13. Nf6+ Ke7 14. Bxa8 Qxa8 15. Nd5+
Kd8 16. Nf3 Bg4 17. Nxd4 cxd4 18. Qg3 h5 19. gxh6 Bxh6 20. Qxg4 f5 21. Qxg6 Qb7
22. Qf6+ Kd7 23. Qe7+ Kc8 24. Qxd6 Bf8 25. Qxe5 Rh5 26. Qe8# 1-0

[Event "AUTO-OPEN-3115"]
[Site "http://www.queenalice.com/game.php?id=1229912"]
[Date "2013.11.4"]
[Round "1"]
[White "tigre89"]
[Black "Artking"]
[Result "0-1"]
[WhiteElo "1415"]
[BlackElo "2094"]

1. e4 c5 2. c4 Nc6 3. Nf3 d6 4. Nc3 Nf6 5. Bd3 Bg4 6. O-O Nd4 7. Nd5 Nxf3+ 8.
Kh1 Ne5 9. Qe1 Nxd3 10. Qe3 Nxc1 11. Raxc1 e6 12. f3 Bh5 13. g4 Bg6 14. h4 exd5
15. cxd5 h5 16. g5 Nd7 17. Rg1 Ne5 18. a4 Qd7 19. b3 Qh3# 0-1

[Event "AUTO-OPEN-3115"]
[Site "http://www.queenalice.com/game.php?id=1229923"]
[Date "2013.11.4"]
[Round "1"]
[White "Snoopy_GM"]
[Black "tigre89"]
[Result "1-0"]
[WhiteElo "1869"]
[BlackElo "1437"]

1. d4 d5 2. c4 Nf6 3. Nc3 e6 4. cxd5 exd5 5. Bg5 Be7 6. e3 O-O 7. Nf3 Ne4 8.
Bxe7 Qxe7 9. Nxd5 Qd6 10. Nc3 c6 11. Nxe4 Qb4+ 12. Qd2 Qa4 13. Be2 Be6 14. b3
Qa3 15. Nc5 b6 16. Nxe6 fxe6 17. Bc4 Rf6 18. O-O Rg6 19. d5 cxd5 20. Bxd5 exd5
21. Qxd5+ Kf8 22. Qxa8 Qd6 23. Rad1 Qc6 24. Qxb8+ Qe8 25. Rd8 Re6 26. Rxe8+ Rxe8
27. Qxa7 Re6 28. Rd1 Re8 29. Rd7 h6 30. Rxg7 Re7 31. Qxe7# 1-0

[Event "AUTO-OPEN-3115"]
[Site "http://www.queenalice.com/game.php?id=1229924"]
[Date "2013.11.4"]
[Round "1"]
[White "tigre89"]
[Black "Snoopy_GM"]
[Result "0-1"]
[WhiteElo "1427"]
[BlackElo "1873"]

1. e4 e5 2. d3 Nf6 3. Nf3 Nc6 4. Nc3 Bb4 5. Bd2 d6 6. a3 Bxc3 7. Bxc3 O-O 8. Qd2
Bg4 9. Nh4 Nxe4 10. dxe4 Qxh4 11. g3 Qf6 12. b4 Bf3 13. Rg1 Bxe4 14. Bd3 Bxd3
15. Qxd3 Qg6 16. a4 Qxd3 17. cxd3 a6 18. a5 Rae8 19. O-O-O e4 20. Rge1 exd3 21.
Rxd3 Rxe1+ 22. Bxe1 Re8 23. Kd1 h6 24. Bc3 Re4 25. f3 Nxb4 26. Rd2 Rc4 27. Bd4
Nc6 28. Be3 Nxa5 29. Ke2 b5 30. h4 Nb3 31. Rb2 Nd4+ 32. Kd3 Nxf3 33. Rf2 Ne5+
34. Ke2 Ng4 35. Rf4 Nxe3 36. Kxe3 Rxf4 37. Kxf4 g5+ 38. Kf5 b4 39. h5 b3 0-1

[Event "AUTO-INT-2765"]
[Site "http://www.queenalice.com/game.php?id=1235505"]
[Date "2013.11.26"]
[Round "1"]
[White "tigre89"]
[Black "kre"]
[Result "0-1"]
[WhiteElo "1421"]
[BlackElo "1749"]

1. e4 e5 2. d3 Nf6 3. Nf3 d6 4. c4 Nc6 5. a3 Bg4 6. Be2 Be7 7. O-O O-O 8. Bh6
gxh6 9. Qd2 Kg7 10. b4 Qd7 11. b5 Nd4 12. Nc3 Nb3 13. Qb2 Nxa1 14. Qxa1 Bxf3 15.
Bxf3 Rh8 16. a4 Rag8 17. Qc1 Kf8 18. Qxh6+ Ke8 19. Bh5 c6 20. Rb1 Nxh5 21. Qxh5
a5 22. g3 Rg5 23. Qh6 Kd8 24. b6 f5 25. h4 Rg4 26. Qh5 fxe4 27. Nxe4 Bxh4 28.
Kg2 Be7 29. Qf7 Re8 30. Nf6 Bxf6 31. Qxf6+ Re7 32. Qh8+ Qe8 33. Qf6 Rd4 34. Rd1
c5 35. Rh1 Qc6+ 36. f3 Rxd3 37. Qf8+ Re8 38. Qf6+ Re7 39. Qf8+ Qe8 40. Qf5 Rd2+
0-1

[Event "AUTO-INT-2765"]
[Site "http://www.queenalice.com/game.php?id=1235506"]
[Date "2013.11.26"]
[Round "1"]
[White "kre"]
[Black "tigre89"]
[Result "1-0"]
[WhiteElo "1730"]
[BlackElo "1431"]

1. e4 e5 2. d3 d6 3. Be2 Nf6 4. f4 Nbd7 5. f5 c5 6. Nf3 b5 7. a3 a5 8. O-O a4 9.
Be3 Be7 10. Nh4 O-O 11. Rf3 Nh5 12. g3 Ra6 13. Ng2 Ndf6 14. Rf1 b4 15. d4 cxd4
16. Bg5 Nxe4 17. Bxe7 Qxe7 18. Bxh5 Bxf5 19. Rxf5 Ng5 20. Qg4 f6 21. Qe2 Rc6 22.
Qb5 Rxc2 23. Bd1 Rxb2 24. axb4 Qa7 25. Kf1 a3 26. Rxa3 Rb8 27. Qd5+ Kf8 28. Rxa7
R8xb4 29. Rxg5 fxg5 30. Qf7# 1-0

[Event "AUTO-INT-2780"]
[Site "http://www.queenalice.com/game.php?id=1241707"]
[Date "2013.12.21"]
[Round "1"]
[White "tigre89"]
[Black "Rod_"]
[Result "0-1"]
[WhiteElo "1454"]
[BlackElo "1693"]

1. e4 e5 2. Bc4 d5 3. Bb5+ Bd7 4. Bd3 dxe4 5. Bxe4 Bc6 6. d3 Bxe4 7. Ne2 Bxg2 8.
Rg1 Bf3 9. Bg5 f6 10. h4 fxg5 0-1

[Event "AUTO-INT-2780"]
[Site "http://www.queenalice.com/game.php?id=1241708"]
[Date "2013.12.21"]
[Round "1"]
[White "Rod_"]
[Black "tigre89"]
[Result "1-0"]
[WhiteElo "1699"]
[BlackElo "1448"]

1. e4 e5 2. d4 d5 3. dxe5 Be6 4. Nf3 Bb4+ 5. c3 Ba5 6. Ng5 Nh6 7. Nxe6 fxe6 8.
exd5 Qxd5 9. Qh5+ Nf7 10. Be3 Qxe5 11. Qxe5 1-0